| 000 | 00950nam a2200205Ia 4500 | ||
|---|---|---|---|
| 008 | 220216s9999 xx 000 0 und d | ||
| 100 | _aFurtad E L | ||
| 245 | 0 | _aFungicide ergosterol synthesis inhibitors for South American leaf blight control | |
| 260 |
_bFitopatologia Brasileira _c1995 |
||
| 300 | _a203-207 | ||
| 500 | _aSource Year: 1997 | ||
| 520 | _aFenbuconazole and myclobutanil were compared with triadimefon and mancozeb for Microcyclus ulei control on rubber. Leaf area lesioned(LAL), defoliation percentage(DP), development of sexual structures of the ascogen phase of the pathogen, reduction of initial inoculum(Xo) and disease progress rate (r) were evaluated. Fenbuconazole (2 higher dosage), mancozeb and triadimefon were the most efficient treatments. | ||
| 650 | _aMicrocyclus ulei | ||
| 650 | _aSALB | ||
| 700 | _aCarvalho J C | ||
| 700 | _aGodoy Junior G | ||
| 700 | _aMenten J O M | ||
| 856 | _uIRRDB | ||
| 942 | _cJS | ||
| 999 |
_c59658 _d59658 |
||